[Event "AUTO-OPEN-1748"]
[Site "http://www.queenalice.com/game.php?id=677390"]
[Date "2009.11.3"]
[Round "1"]
[White "Elienay"]
[Black "tarswelder"]
[Result "0-1"]
[WhiteElo "1325"]
[BlackElo "1848"]

1. g3 d5 2. b3 e5 3. Bb2 Bd6 4. Bg2 c6 5. Nf3 Nd7 6. O-O Ngf6 7. Nc3 O-O 8. d4
e4 9. Ng5 e3 10. fxe3 Ng4 11. Qd3 Qxg5 12. h3 Qxe3+ 13. Qxe3 Nxe3 14. Rf3 Nxc2
15. Rc1 Nxd4 16. Re3 Ne6 17. Rf3 Ne5 18. Re3 d4 19. Re4 dxc3 20. Bxc3 Ng6 21.
Rd1 Bxg3 22. a4 Bc7 23. Re3 Bb6 24. Kf2 Bxe3+ 25. Kxe3 Rd8 26. Rd3 Rxd3+ 27.
exd3 Ng5 28. d4 Bxh3 29. Be4 Re8 30. Kd3 Nxe4 31. Bb4 Bf1+ 32. Kc2 Nf2 33. a5
Re2+ 34. Kc3 Nd1+ 35. Kd3 Nf4+ 36. Kc4 Rc2# 0-1

[Event "AUTO-OPEN-1748"]
[Site "http://www.queenalice.com/game.php?id=677391"]
[Date "2009.11.3"]
[Round "1"]
[White "tarswelder"]
[Black "Elienay"]
[Result "1-0"]
[WhiteElo "1745"]
[BlackElo "1325"]

1. e4 g6 2. d4 b6 3. Nc3 Bb7 4. Nf3 Bg7 5. Bf4 Nf6 6. Bd3 O-O 7. Qd2 Nc6 8.
O-O-O Nb4 9. Bh6 c5 10. Bxg7 Kxg7 11. d5 Nxd3+ 12. Qxd3 Ng4 13. Qe2 a5 14. h3
Nf6 15. e5 Nxd5 16. Nxd5 e6 17. Nf6 d6 18. Rxd6 Qe7 19. Rd7 Qd8 20. Rxd8 Raxd8
21. h4 h6 22. Rd1 Bd5 23. Nxd5 exd5 24. e6 Rfe8 25. Qe5+ f6 26. Qc7+ Kf8 27.
Qf7# 1-0

[Event "AUTO-OPEN-1748"]
[Site "http://www.queenalice.com/game.php?id=677420"]
[Date "2009.11.3"]
[Round "1"]
[White "tarswelder"]
[Black "HanoiTower"]
[Result "1-0"]
[WhiteElo "2099"]
[BlackElo "1909"]

1. d4 Nf6 2. c4 c5 3. d5 g6 4. Nc3 Bg7 5. e4 d6 6. h3 O-O 7. Bd3 Nbd7 8. Nf3 a6
9. a4 e6 10. O-O exd5 11. cxd5 Re8 12. Bf4 Qc7 13. Nd2 b6 14. Nc4 Ne5 15. Nxe5
dxe5 16. Be3 Qd6 17. f4 Nd7 18. f5 f6 19. g4 Kf7 20. g5 Kg8 21. h4 gxf5 22. exf5
Bb7 23. Bc4 Kh8 24. Ne4 Qf8 25. Qh5 fxg5 26. hxg5 Qg8 27. g6 Nf6 28. Nxf6 Bxf6
29. d6 Qxc4 30. Qxh7# 1-0

[Event "AUTO-OPEN-1748"]
[Site "http://www.queenalice.com/game.php?id=677421"]
[Date "2009.11.3"]
[Round "1"]
[White "HanoiTower"]
[Black "tarswelder"]
[Result "0-1"]
[WhiteElo "1909"]
[BlackElo "1966"]

1. e4 e5 2. Nf3 Nc6 3. b3 Nf6 4. d3 d5 5. exd5 Nxd5 6. Bb2 Bd6 7. Nc3 Nf4 8. g3
Ng6 9. Ne4 O-O 10. Qd2 Bb4 11. Bc3 Bxc3 12. Qxc3 Nd4 13. Nxd4 exd4 14. Qb4 a5
15. Qd2 Bg4 16. Bg2 Ne5 17. Qf4 Qe7 18. h3 Bd7 19. O-O f5 20. Ng5 Ng6 21. Qxc7
Rac8 22. Qxb7 Qxg5 23. Qxd7 Rxc2 24. Qd5+ Kh8 25. Qxa5 Rfc8 26. Bb7 Rf8 27. a4
Qh6 28. Kg2 f4 29. Rac1 Rxc1 30. Rxc1 f3+ 31. Bxf3 Qxc1 32. Qd5 Qc3 33. Qb5 Qc7
34. a5 Ne5 35. Be4 Qc2 36. Kh1 Qxf2 37. Bg2 Nf3 38. Bxf3 Qxf3+ 39. Kh2 Qe2+ 40.
Kg1 Rf1# 0-1

[Event "AUTO-OPEN-1748"]
[Site "http://www.queenalice.com/game.php?id=677422"]
[Date "2009.11.3"]
[Round "1"]
[White "tarswelder"]
[Black "yanpom"]
[Result "1-0"]
[WhiteElo "1928"]
[BlackElo "1917"]

1. d4 d5 2. c4 dxc4 3. Nf3 e6 4. e3 Bb4+ 5. Bd2 Bxd2+ 6. Nbxd2 Nf6 7. Nxc4 O-O
8. Bd3 Nbd7 9. O-O Nb6 10. Nce5 Nbd7 11. Qc2 h6 12. Rac1 c6 13. Rfd1 Nxe5 14.
Nxe5 Nd7 15. Be2 Nxe5 16. dxe5 Qa5 17. Qc3 Qxc3 18. Rxc3 f6 19. exf6 Rxf6 20.
Rd8+ Rf8 21. Rcd3 b6 22. Bf3 Bb7 23. Rxf8+ Kxf8 24. Rd7 Rb8 25. Rc7 Ba6 26. Rxa7
Bb5 27. a4 Bc4 28. Bxc6 Bd5 29. Bxd5 exd5 30. g3 b5 31. a5 b4 32. Rd7 1-0

[Event "AUTO-OPEN-1748"]
[Site "http://www.queenalice.com/game.php?id=677423"]
[Date "2009.11.3"]
[Round "1"]
[White "yanpom"]
[Black "tarswelder"]
[Result "0-1"]
[WhiteElo "1962"]
[BlackElo "1745"]

1. e4 e6 2. d4 d5 3. e5 c5 4. c3 Nc6 5. Nf3 Bd7 6. Qb3 Qc7 7. Nbd2 f6 8. Bb5 c4
9. Qd1 Nh6 10. Bxc6 Bxc6 11. h3 Nf7 12. Qe2 f5 13. O-O O-O-O 14. b3 cxb3 15.
axb3 Kb8 16. b4 g5 17. Nb3 Be7 18. Nc5 Qb6 19. Nxe6 Bb5 20. Qd2 Qxe6 21. Re1 h5
22. Qa2 a6 23. Bd2 g4 24. hxg4 hxg4 25. Nh2 Ng5 26. Bxg5 Bxg5 27. Nf1 Qh6 28. f3
gxf3 29. gxf3 Qh1+ 30. Kf2 Rh2+ 31. Nxh2 Qxh2# 0-1

[Event "Challenge"]
[Site "http://www.queenalice.com/game.php?id=691504"]
[Date "2009.12.1"]
[Round "-"]
[White "theblackfox"]
[Black "tarswelder"]
[Result "0-1"]
[WhiteElo "1914"]
[BlackElo "2014"]

1. e4 c5 2. Nf3 e6 3. d4 cxd4 4. Nxd4 Nc6 5. Nc3 Qc7 6. Bb5 Bc5 7. Nf3 Nge7 8.
O-O a6 9. Ba4 O-O 10. Bg5 Ng6 11. h4 h6 12. Be3 Bxe3 13. fxe3 Qb6 14. Nd4 Qxb2
15. Nce2 Qa3 16. c4 Qxe3+ 17. Kh1 Qxe4 18. Bc2 Qxh4+ 19. Kg1 Nce5 20. g3 Qg5 21.
Nf3 Qe3+ 22. Kg2 b5 23. Bb3 Bb7 24. Qd4 Bxf3+ 25. Rxf3 Qxf3+ 26. Kh3 Qxe2 27.
cxb5 axb5 28. a4 Nf3 29. Bd1 Ng5# 0-1

[Event "Challenge"]
[Site "http://www.queenalice.com/game.php?id=699663"]
[Date "2009.12.18"]
[Round "-"]
[White "JCOELHO"]
[Black "tarswelder"]
[Result "0-1"]
[WhiteElo "1943"]
[BlackElo "2060"]

1. e4 e5 2. Nf3 Nc6 3. Nc3 Nf6 4. Bc4 Bc5 5. Nd5 O-O 6. h3 Nxe4 7. c3 Nxf2 8.
Qe2 Nxh1 9. Nxe5 Nxe5 10. d4 Nxc4 11. dxc5 Re8 12. Be3 Nxe3 13. Nxe3 Qg5 14.
O-O-O Rxe3 15. Qd2 Ng3 16. c6 bxc6 17. h4 Qe5 18. Kc2 Re2 19. Qxe2 Qxe2+ 20. Rd2
Qe4+ 21. Kc1 d5 22. c4 Bf5 23. cxd5 Qb1# 0-1

[Event "Challenge"]
[Site "http://www.queenalice.com/game.php?id=699664"]
[Date "2009.12.18"]
[Round "-"]
[White "tarswelder"]
[Black "JCOELHO"]
[Result "1-0"]
[WhiteElo "1991"]
[BlackElo "1944"]

1. d4 d5 2. c4 Nf6 3. cxd5 Qxd5 4. Nc3 Qa5 5. Bd2 Nc6 6. d5 Nxd5 7. e4 Ndb4 8.
a3 Na6 9. Nd5 Qc5 10. Bxa6 bxa6 11. Nxc7+ Kd7 12. Nxa8 Nd4 13. Bb4 Qc4 14. Rc1
Qb3 15. Qxd4+ Ke6 16. Rc6# 1-0

[Event "Challenge"]
[Site "http://www.queenalice.com/game.php?id=701495"]
[Date "2009.12.21"]
[Round "-"]
[White "montelo"]
[Black "tarswelder"]
[Result "0-1"]
[WhiteElo "2103"]
[BlackElo "2076"]

1. e4 e6 2. Nc3 Bb4 3. Qg4 Qf6 4. Nge2 h5 5. e5 hxg4 6. exf6 Nxf6 7. g3 d5 8.
Bg2 Bd7 9. b3 Nc6 10. Bb2 O-O-O 11. O-O Rh7 12. Nf4 Rdh8 13. h3 gxh3 14. Bxh3
Rxh3 15. Nxh3 Rxh3 16. Kg2 e5 17. Rh1 Rxh1 18. Rxh1 Bf5 19. d3 Nd4 20. Rh8+ Kd7
21. a3 Bd6 22. Nd1 Nxc2 23. f4 exf4 24. Bxf6 gxf6 25. gxf4 Bxf4 26. Rh5 Bg5 27.
a4 Bxd3 28. Nf2 Bg6 29. Rh3 d4 30. Kg1 Ne3 31. b4 d3 32. Rh1 d2 33. Kh2 Bf4+ 34.
Kg1 d1=Q+ 35. Nxd1 Nxd1 36. Kg2 Be4+ 0-1

[Event "Challenge"]
[Site "http://www.queenalice.com/game.php?id=701496"]
[Date "2009.12.21"]
[Round "-"]
[White "tarswelder"]
[Black "montelo"]
[Result "1-0"]
[WhiteElo "2033"]
[BlackElo "2101"]

1. Nf3 Nf6 2. d4 c6 3. c4 g6 4. Nc3 Bg7 5. e4 d6 6. h3 Nbd7 7. e5 Nh5 8. g4 dxe5
9. dxe5 Nxe5 10. Qxd8+ Kxd8 11. Nxe5 Bxe5 12. gxh5 Bxc3+ 13. bxc3 gxh5 14. Bf4
Bd7 15. O-O-O f6 16. Rg1 e5 17. Rg7 Ke8 18. Rdxd7 exf4 19. Be2 Rd8 20. Bxh5+ Kf8
21. Rdf7+ Ke8 22. Rxf6# 1-0

[Event "Challenge"]
[Site "http://www.queenalice.com/game.php?id=706205"]
[Date "2009.12.31"]
[Round "-"]
[White "li2carpio"]
[Black "tarswelder"]
[Result "1-0"]
[WhiteElo "1988"]
[BlackElo "2085"]

1. e4 c5 2. Nf3 e6 3. d4 cxd4 4. Nxd4 a6 5. Bc4 Qc7 6. Bd3 Nf6 7. Nc3 Bc5 8. Nf3
Nc6 9. O-O O-O 10. a3 b5 11. Be3 Bxe3 12. fxe3 Bb7 13. Kh1 Ne5 14. Qe1 Rac8 15.
Qg3 Nxd3 16. cxd3 Qxg3 17. hxg3 Ng4 18. Rae1 d6 19. Nh2 Ne5 20. Rd1 Rfd8 21. Nf3
Ng4 22. Rde1 d5 23. exd5 Bxd5 24. d4 Bc4 25. Rg1 e5 26. dxe5 Rc6 27. Ne4 Rh6+
28. Nh4 Bd3 29. Ng5 1-0

[Event "Challenge"]
[Site "http://www.queenalice.com/game.php?id=711609"]
[Date "2010.1.10"]
[Round "-"]
[White "castel1341"]
[Black "tarswelder"]
[Result "1-0"]
[WhiteElo "2152"]
[BlackElo "2063"]

1. e4 e6 2. d4 d5 3. Nc3 Bb4 4. e5 c5 5. a3 Bxc3+ 6. bxc3 Qc7 7. Qg4 f5 8. exf6
Nxf6 9. Bb5+ Kf7 10. Qg3 Qxg3 11. hxg3 c4 12. Nf3 Rf8 13. Bf4 a6 14. Ne5+ Kg8
15. Bxc4 dxc4 16. Nxc4 Nd5 17. Bd2 Nc6 18. Ne3 Nxe3 19. Bxe3 Bd7 20. Rh5 g6 21.
Rh6 Ne7 22. Bd2 Rac8 23. Rb1 Bc6 24. Rh2 Rc7 25. Bf4 Rd7 26. Bd2 Nd5 27. f3 Re8
28. c4 1-0

[Event "Challenge"]
[Site "http://www.queenalice.com/game.php?id=717572"]
[Date "2010.1.21"]
[Round "-"]
[White "tarswelder"]
[Black "KLEOJ"]
[Result "0-1"]
[WhiteElo "2032"]
[BlackElo "2139"]

1. d4 d5 2. c4 Nc6 3. Nf3 Bg4 4. cxd5 Bxf3 5. gxf3 Qxd5 6. e3 e5 7. Nc3 Bb4 8.
Bd2 Bxc3 9. bxc3 Nf6 10. c4 Qd6 11. d5 Ne7 12. Rb1 b6 13. Bb4 Qd7 14. h4 O-O 15.
Bh3 Qd8 16. d6 cxd6 17. Bxd6 Re8 18. Bxe5 Qxd1+ 19. Rxd1 Ng6 0-1

[Event "Challenge #01"]
[Site "http://www.queenalice.com/game.php?id=723507"]
[Date "2010.1.31"]
[Round "-"]
[White "Aylton"]
[Black "tarswelder"]
[Result "1-0"]
[WhiteElo "1986"]
[BlackElo "2050"]

1. d4 Nf6 2. Nf3 d5 3. e3 Bf5 4. c4 c6 5. a3 e6 6. Nc3 Bd6 7. Bd3 Bg6 8. O-O
Nbd7 9. h3 dxc4 10. Bxc4 O-O 11. b4 e5 12. Bb2 Qc7 13. dxe5 Nxe5 14. Nxe5 Bxe5
15. f4 Bd6 16. f5 Bh5 17. g4 Bxb4 18. Qf3 Bc5 19. gxh5 Rfe8 20. Rae1 1-0

[Event "Challenge #02"]
[Site "http://www.queenalice.com/game.php?id=723508"]
[Date "2010.1.31"]
[Round "-"]
[White "tarswelder"]
[Black "Aylton"]
[Result "0-1"]
[WhiteElo "2109"]
[BlackElo "1978"]

1. c4 e5 2. g3 Nc6 3. Bg2 Nge7 4. Nc3 d6 5. e4 f5 6. d3 h6 7. Nge2 g6 8. O-O Bg7
9. Nd5 Nxd5 10. cxd5 Ne7 11. d4 exd4 12. Nxd4 O-O 0-1